| 000 | 00561nam a2200193 i 4500 | ||
|---|---|---|---|
| 001 | 125516 | ||
| 003 | ES-MaACL | ||
| 005 | 20230906192638.0 | ||
| 007 | t| | ||
| 008 | 070615s1993 fr ||||1| fre d | ||
| 020 | _a2-03-320136-8 | ||
| 080 | _a811.133.1'35 | ||
| 245 | 0 | 0 |
_aMémento orthographique _b: 50000 mots du français courant. |
| 260 |
_aParis : _bLarouse, _c[1993] |
||
| 300 |
_a331 p. ; _c14 cm. |
||
| 500 | _aBiblioteca Jacinto Martínez Lacalle. | ||
| 650 | 4 |
_aLengua francesa- _xOrtografía. _914227 |
|
| 852 |
_aES-MaACL _jE-11693 _bR.139693 |
||
| 999 |
_c125516 _d125516 |
||